| 000 | 00578nam a22001695i 4500 | ||
|---|---|---|---|
| 001 | 172257 | ||
| 003 | ES-MaACL | ||
| 005 | 20230906214843.0 | ||
| 008 | 090622s1892 sp |||| | spa d | ||
| 080 | _a622 | ||
| 100 | 1 |
_aVillasante y Gómez, Fernando B. _9140803 |
|
| 245 | 1 | 3 |
_aLa industria minero-metalúrgica en Mazarrón _b: atlas / _cpor Fernando B. Villasante y Gómez. |
| 260 |
_aCartagena : _b[s.n.], _c1892 ( _fImp. y Lit. de Marcial Ventura) |
||
| 300 |
_a[12 h. de plan. pleg.] ; _c36 cm. |
||
| 650 | 1 | 4 |
_aMinería- _zMazarrón. _9140804 |
| 852 |
_aES-MaACL _jC-1057 |
||
| 999 |
_c172257 _d172257 |
||